000
00310nam a2200109Ia 4500
008
200302s9999 xx 000 0 und d
100
_a
Joseph De Chiara
245
_a
Handbook of Architectural Details for Commercial Buildings
260
_b
Mcgraw- hill International Book co.,
260
_c
1980
300
_a
508 P.,
999
_c
249
_d
249